[Event "Prestwick Airport Minor"]
[Site "Prestwick"]
[Date "2011.05.15"]
[Round "5"]
[White "Milton, Anna Helen Mary"]
[Black "Watson, David"]
[Result "1-0"]
[WhiteElo "522"]
[BlackElo "1200"]
[PlyCount "93"]
[EventDate "2011.05.13"]
[EventType "swiss"]
[EventRounds "5"]
[EventCountry "SCO"]
[SourceTitle "EXT 2023"]
[Source "ChessBase"]
[SourceDate "2022.10.05"]
[SourceVersion "1"]
[SourceVersionDate "2022.10.05"]
[SourceQuality "1"]

1. d4 d5 2. c4 e6 3. Nc3 Nf6 4. Bg5 Nbd7 5. Nf3 Be7 6. e3 b6 7. cxd5 exd5 8. Bd3 c6 9. 0-0 Qc7 10. Re1 h6 11. Bh4 g5 12. Bg3 Qb7 13. e4 Nh5 14. exd5 cxd5 15. Bd6 Ne5 16. Rxe5 Be6 17. Bxe7 Qxe7 18. Nxd5 Qd6 19. Nc3 g4 20. Rxh5 gxf3 21. Qxf3 Rd8 22. Bb5+ Kf8 23. Qf6 Qb4 24. Qxd8+ Kg7 25. Qc7 Qxb2 26. Re1 Rc8 27. Qg3+ Kf8 28. Ne4 Rc1 29. Rxc1 Qxc1+ 30. Bf1 Bc4 31. Nd2 Qxd2 32. Bxc4 Qd1+ 33. Bf1 Qxh5 34. Qb8+ Kg7 35. Qxa7 Qd5 36. Qxb6 Qxa2 37. h3 Qd2 38. Bb5 Qe1+ 39. Kh2 Qxf2 40. Qd6 f6 41. Qg3+ Qxg3+ 42. Kxg3 Kf7 43. d5 Ke7 44. Kg4 Kd6 45. Bc4 Ke5 46. Kh5 f5 47. Kxh6 1-0